Developmental psychology / (Record no. 70317)

MARC details
000 -LEADER
fixed length control field 00866nam a22002417a 4500
005 - DATE AND TIME OF LATEST TRANSACTION
control field 20120926104152.0
008 - FIXED-LENGTH DATA ELEMENTS--GENERAL INFORMATION
fixed length control field 120926t xxu||||| |||| 00| 0 eng d
010 ## - LCCN (DPL NO)
LC control number ENG-105979
020 ## - INTERNATIONAL STANDARD BOOK NUMBER
International Standard Book Number 9788176116060
Terms of availability 225.00
035 ## - SYSTEM CONTROL NUMBER
System control number EN-89512
037 ## - SOURCE OF ACQUISITION
Source of stock number/acquisition DBAD/PUB
040 ## - CATALOGING SOURCE
Original cataloging agency DPL
Language of cataloging English
082 ## - DEWEY DECIMAL CLASSIFICATION NUMBER
Classification number 155.05
100 ## - MAIN ENTRY--PERSONAL NAME
Personal name Paliwal, Suprithy
9 (RLIN) 52630
245 ## - TITLE STATEMENT
Title Developmental psychology /
Statement of responsibility, etc by Suprithy Paliwal [and] Jyoti Gaur
260 ## - PUBLICATION, DISTRIBUTION, ETC. (IMPRINT)
Place of publication, distribution, etc Jaipur
Name of publisher, distributor, etc RBSA Publishers
Date of publication, distribution, etc 2012
270 ## - ADDRESS
Address 340, Chaura Rasta
City Jaipur
Postal code 302003
300 ## - PHYSICAL DESCRIPTION
Extent 212p.
Dimensions 22cm(pbk)
500 ## - GENERAL NOTE
General note Includes bibliographical references
700 ## - ADDED ENTRY--PERSONAL NAME
Personal name Gaur, Jyoti
9 (RLIN) 52631
942 ## - ADDED ENTRY ELEMENTS (KOHA)
Source of classification or shelving scheme Dewey Decimal Classification
Item type English Books
Call number suffix PAL
Classification part 155.05
Holdings
Withdrawn status Lost status Source of classification or shelving scheme Damaged status Not for loan Collection code Home library Current library Date acquired Source of acquisition Cost, normal purchase price Total Checkouts Full call number Barcode Date last seen Copy number Cost, replacement price Koha item type
    Dewey Decimal Classification   Not For Loan Non-fiction D.B.Act.Division D.B.Act.Division 26/09/2012 DBAD / PUB 225.00   155.05 PAL EN-89512 26/09/2012 1 225.00 English Books

© Delhi Public Library
Hit Counter
free hit counter